Quizzes
Events
Quiz Creation
Community
Videos
Private Events
Remove Ads
Sign In
Join for FREE
Feedback
Dark Mode
Quiz Categories
Sports
Geography
Music
Movies
Television
Just For Fun
Miscellaneous
History
Literature
Language
Science
Gaming
Entertainment
Religion
Holiday
For Kids
Quiz Lab
Recent
Popular Today
Quiz Kudos Today
Editor Picks
Curator Picks
Quizzes by...
Day
Popularity
Type
Ratings
Length
Year
Community
Subscriptions
Recent Discussions
Orange Saloon
Badges
Playlists
Quests
Create
Leaderboards
Showdown
Live 5
Trivia Bingo
Activity
Puzzle Library
Sporcle Events
Private Events
Virtual Trivia
Globe League
Become a Host
Pub Owners
SporcleCon
Opinionation
Our Games
Videos
Blog
Mobile Apps
Partnerships
Remove Ads and Go Orange
Feedback
Music
Pop Music
The Beatles
Song
Album
Lyrics
Bands
Singers
Artist
Clip
Rock
Rap
Classical
Billboard
Country Music
Kpop
Taylor Swift
Music
Pop Music
The Beatles
Song
Album
Lyrics
Bands
Singers
Artist
Clip
Rock
Rap
Classical
Billboard
Country Music
Kpop
Taylor Swift
Random Quiz
Search Sporcle
×
Quiz Lab
Quiz Lab
Music
Singers
Select answers by clicking on text or image buttons
Select answers by clicking on text or image buttons
Clickable
Best Score? Go Orange.
Youtube Star Stats
Can you pick the Youtube Star contestants?
By
chrisamalejo
8m
40 Questions
189 Plays
189 Plays
189 Plays
Comments
Comments
Give Quiz Kudos
Give Quiz Kudos
-
- Ratings
hide this ad
Minefield
Wrong answers will end the quiz
Wrong answers will end the quiz
Random Order
Randomize order of answers
Randomize order of answers
Replay
Link that replays current quiz
Next Quiz
Link to next quiz in quiz playlist
You Got
0%
They Got
Avg Score
5%
Avg Friend Score
Upgrade to see
Score Distribution
Jump to the score distribution portion of the page
Score
0/40
Timer
08:00
0
Plays Today
% Correct
???
12.7%
???
12.7%
???
10.6%
???
10.1%
???
9%
???
8.5%
???
8.5%
???
8.5%
???
7.9%
???
7.4%
???
7.4%
???
6.9%
???
6.3%
???
6.3%
???
5.8%
???
5.8%
???
5.8%
???
5.3%
???
5.3%
???
4.8%
% Correct
???
4.8%
???
4.2%
???
4.2%
???
4.2%
???
4.2%
???
4.2%
???
3.7%
???
3.7%
???
3.7%
???
3.7%
???
3.7%
???
3.7%
???
3.2%
???
3.2%
???
3.2%
???
3.2%
???
3.2%
???
2.6%
???
2.6%
???
2.1%
Quiz Playlist
Details
Report
Send in Message
Add To Playlist
Clickable:
Select answers by clicking on text or image buttons
Minefield:
Wrong answers will end the quiz
Random Order:
Randomize order of answers
Quiz Source
Last Updated: Feb 16, 2017
Quiz Scoreboard
CHALLENGE
Sign Up to Join the Scoreboard
Show All
Scores
Hide
Comments
May contain spoilers
Recently Published
TV Characters by Other Roles V
by ghcgh
Television
5m
Decade Duel: World Leaders
by jenniferyan
History
4m
Alphabetical 'K' Countries by Flag Minefield
by ylime102
Geography
3m
More to Explore
Quiz From the Vault
Featured Blog Post
15 Basketball Trivia Facts You Can Be March Mad About
hide this ad
You Might Also Like...
Tags
Singers Quiz
American Idol
Famous Names
Famous People
Justin Bieber
Musical Instruments
Musical Songs
Musician
X Factor
Youtube
Today's Top Quizzes in Music
Browse Music
hide this ad
Today's Top Quizzes in Singers
Browse Singers
Top Contributed Quizzes in Music
1
Taylor Swift All Songs (2024)
2
Decade Duel: Singer
3
Taylor Swift Logic Puzzle
4
KPOP LOGIC QUIZ
5
Guess the Taylor Swift song (Mystery Song)
6
Guess The Taylor Swift Lyrics Song #1
7
A Taylor Swift Logic Puzzle
8
kpop group name match up
9
2 word kpop group match
10
Madness Songs By Image
Explore More
Trending Topics
Marvel
Harry Potter
Disney
NBA
Anime
Crossword
Kpop
Country
Soccer
The Office
NFL
WWE
Pokémon
Song
Puzzle
hide this ad
More By:
chrisamalejo
Quiz
Plays
Rating
Category
Featured
Created
Fairy Tail
18,113
3.09
Television
May 6, 2012
Walking Dead TV Characters
3,261
3.17
Television
May 7, 2012
X-Men Mutants Popularity
1,492
1.85
Entertainment
Jun 4, 2011
Goosebumps Book Numbers
989
5.00
Just For Fun
May 8, 2012
Bleach Characters!
717
3.33
Television
May 31, 2011
Go to Creator's Profile
Score Distribution
Quiz Creator Spotlight
chrisamalejo
Follow
Send a Message
Quizzes Created
-
Created Quiz Play Count
-
More By This Creator
Popular Quizzes Today
1
Countries of Asia Without Outlines Minefield
2
Find the US States - No Outlines Minefield
3
Pick 6: Fruits
4
The Countries of the World
5
Find the Countries of Europe - No Outlines Minefield
6
Alphabetical 'K' Countries by Flag Minefield
7
US States
8
Find the US States
More Music Quizzes
2018 kpop songs by first line(s)
Quiz Lab
Trending Quizzes
Pick 6: Mountains
Pick 6: Harry Potter
Pick 6: Flags
Pick 6: NFL Teams
C Names for Actors
Recently Updated
Adaptations: Name the Title
pecheneg
NWSL Teams
pecheneg
Women's Final Four Teams by Year
bhenderson79
Presidents Quartet II
eogle
Anything But Clue(do)
eogle
Anything But Oceanian Capitals
eogle
Anything But 7
eogle
Anything But Thing
eogle
Word Ladder: February 29
pecheneg
Song Title Questions
pecheneg
Trending Topics
Crossword
Marvel
Disney
Anime
Harry Potter
Kpop
NBA
Soccer
WWE
Puzzle
Pokémon
The Office
NFL
Song
Country
Your Account Isn't Verified!
In order to create a playlist on Sporcle, you need to verify the email address you used during registration. Go to your
Sporcle Settings
to finish the process.
Report this User
Report this user for behavior that violates our
Community Guidelines
.
Details:
Send Report
Go to the Sporcle.com Mobile Site →
Comments